|
|
|
|
| LEADER |
00000naa a2200000uu 4500 |
| 001 |
vtls010928534 |
| 003 |
SK-MaSNL |
| 005 |
20260302141342.0 |
| 008 |
210824|2000 xo |||||||||||||||||eng| |
| 015 |
|
|
|a SNBRA
|
| 035 |
|
|
|a (urnnbn)urn:nbn:sk:snk:ar-a0b1u4
|
| 035 |
|
|
|a (uuid)f983e006-99a0-4da9-a2ae-6e01776d542e
|
| 035 |
|
|
|a urn:nbn:sk:snk-aatue2
|
| 040 |
|
|
|a SNKBUCL
|b slo
|c SNKBUCL
|e AACR2
|
| 041 |
0 |
|
|a eng
|
| 044 |
|
|
|a xo
|c SK
|
| 100 |
1 |
|
|a Šúriková, Anna,
|d 1945-
|4 aut
|9 112051
|
| 245 |
1 |
0 |
|a Will Marketing Help the Price Disproportion between Coniferous Roundwood and Sawnwood?
|c Anna Šúriková, Anna Zaušková
|
| 700 |
1 |
|
|a Zaušková, Anna
|4 aut
|9 18205
|
| 773 |
0 |
|
|t Marketing 2000
|d In Zvolen : Technical University, 2000, 2000
|g S. 139-146
|z 8022809152
|
| 958 |
|
|
|a OND
|
| 958 |
|
|
|a article11
|
| 958 |
|
|
|a chapter
|
| 999 |
|
|
|c 1335310
|d 1337240
|